000 00843cam a2200265 4500
001 J3581
008 090401t1996 xxu||||| |||| 00| 0 eng d
035 _a(Sirsi) u55939
041 _aeng
050 _a692.8
110 _aNational Joint Consultative Committee for Building
_9994
245 _aReproduction of drawings for tender purposes.
250 _aRevised ed.
260 _aLondon
_bNJCC
_c1996
300 _a2p. ; 30cm.
350 _a5
490 _aGuidance Note
_v5
520 _aProduced in collaboration with the Scottish Joint Consultative Committee and the Joint Consultative Committee for Building, Northern Ireland.
650 _aBUILT ENVIRONMENT-BUILDING CONTRACT FORMS
650 _aSUBCONTRACTORS
650 _aTENDERING
690 _aBUILDING AND CONSTRUCTION-CONTROL
942 _n0
948 _c04/03/1997
999 _c93685
_d93685